| 000 | 00877 a2200229 4500 | ||
|---|---|---|---|
| 003 | Nust | ||
| 005 | 20170207154030.0 | ||
| 010 | _a 2002043668 | ||
| 020 | _a1580535976 (alk. paper) | ||
| 040 | _cNust | ||
| 082 | 0 | 0 | _a004.67/8 |
| 100 | 1 | _aSeurre, Emmanuel. | |
| 245 | 1 | 0 |
_aEDGE for mobile Internet-(E-BOOK) _cEmmanuel Seurre, Patrick Savelli, Pierre-Jean Pietri. |
| 260 |
_aBoston : _bArtech House, _cc2003. |
||
| 300 |
_axi, 228 p. : _bill. ; _c24 cm. |
||
| 440 | 0 | _aArtech House mobile communications series | |
| 505 | _a 1 GPRS General Overview(Page-1) 2 Introduction to EDGE(Page-51) 3 RF Physical Layer(Page-69) 4 Physical Link Layer(Page-109) 5 Impact of EGPRS on the RLC/MAC Layer(Page-139) 6 Wireless Application Protocol(Page-157) | ||
| 650 | 0 | _aTelecommunication engineering. | |
| 651 | _aE-BOOK | ||
| 700 | 1 | _aPietri, Pierre-Jean. | |
| 700 | 1 | _aSavelli, Patrick. | |
| 942 |
_2ddc _cBK |
||
| 999 |
_c192088 _d192088 |
||